000 00730nam a22002297a 4500
003 UA-OsUOA
001 66996
007 ta
008 20100209b un ||||| |||| 00| 0 ukr d
100 _aГлинка В.
090 _a821.161.1
_bГ54
942 _cBK
040 _aUA-OsUOA
_brus
_cUA-OsUOA
_dUA-OsUOA
245 _aИсторические повести
_bСтаросольская повесть; История унтера Иванова; Судьба дворцового гренадера
300 _a800 с.
955 _a2
041 _arus
080 _a821.161.1
260 _aЛенинград
_c1987
650 7 _a82 Література. Літературознавство
_2UDC
999 _c352962
_d352962